El salvaje metropolitano: reconstrucción del conocimiento social en el trabajo de campo

Furkejuvvon:
Bibliográfalaš dieđut
Váldodahkki: Guber, Rosana (Dahkki)
Materiálatiipa: Girji
Giella:espánnjágiella
Almmustuhtton: Buenos Aires Paidós 2004
Preanttus:1a. ed
Ráidu:Estudios de Comunicación, 19
Fáttát:
Fáddágilkorat: Lasit fáddágilkoriid
Eai fáddágilkorat, Lasit vuosttaš fáddágilkora!

MARC

LEADER 00000nam a2200000 a 4500
001 UCK6707
003 CL-VaPUC
008 051014e20040000AG |||||||||||||||||spa|d
020 |a 9501227197 
082 0 4 |a 301  |b GUB  |2 21 
100 |a Guber, Rosana  |e author  |9 598060 
245 1 3 |a El salvaje metropolitano: reconstrucción del conocimiento social en el trabajo de campo 
250 |a 1a. ed 
300 |a 325 p 
942 |c BK 
945 |d 20051014 00:00:00  |a cmena 
260 |a Buenos Aires  |b Paidós  |c 2004 
650 0 |a Antropología cultural y social   |9 265143 
650 0 |a Etnografía   |9 309735 
650 0 |a Investigación social   |9 307814 
650 7 |a INVESTIGACION DE CAMPO  |2 CL-VaPUC  |9 335943 
583 |a last modification  |c 20051014 00:00:00  |k Rodrigo Vera 
490 0 |a Estudios de Comunicación, 19 
999 |c 314899  |d 314897 
952 |0 0  |1 0  |4 0  |6 301_000000000000000_GUB_2004  |7 0  |8 A  |9 387691  |a BIBGIM  |b BIBGIM  |d 2019-11-22  |i 4173260  |o 301 GUB 2004  |p 4173260  |r 2025-01-15  |w 2019-11-22  |y BK  |k SSL